| 000 | 00951nam a2200241Ia 4500 | ||
|---|---|---|---|
| 005 | 20170803110819.0 | ||
| 010 | _aBAC-CH25 | ||
| 020 |
_a9780143331865 _c150.00 |
||
| 035 | _aG-003144 | ||
| 035 | _aB-557354-367 | ||
| 035 | _aB-667212 | ||
| 037 |
_bAakar/Ven _adpl |
||
| 082 | _a920 | ||
| 100 | _aRangachari, Devika | ||
| 245 |
_aSwami Vivekananda: _cby Devika Rangachari _ba man with a vision / |
||
| 260 |
_aNew delhi _bPuffin Books _c2011 |
||
| 270 |
_a7th Floor, Infinity Tower C, DLF Cyber City _bGurgaon _e122002, Haryana, India |
||
| 300 |
_a129p. _c20cm(pbk) |
||
| 942 |
_cCH _2ddc _mVIV _h920 |
||
| 999 |
_c85632 _d85632 |
||